Statistics for New Zealand Rugby All Blacks- 20 or more conversions in tests

Click here to take the quiz!

General Stats

  • This quiz has been taken 187 times
    (22 since last reset)
  • The average score is 9 of 17

Answer Stats

ConversionsPlayer% Correct
293Dan Carter
100%
118Grant Fox
95%
164Beauden Barrett
91%
25Jordie Barrett
86%
169Andrew Mehrtens
82%
63Aaron Cruden
73%
86Richie Mo'unga
73%
49Carlos Spencer
68%
33Don Clarke
50%
32Simon Culhane
41%
30Nick Evans
32%
22Allan Hewson
27%
24Colin Slade
27%
43Tony Brown
27%
25Leon MacDonald
23%
23Fergie McCormick
18%
26Luke McAlister
9%

Score Distribution

Percentile by Number Answered

Percent of People with Each Score

Your Score History

You have not taken this quiz since the last reset